000 00524nam a22002177a 4500
003 UA-OsUOA
001 60228
007 ta
008 20090513b un ||||| |||| 00| 0 ukr d
100 _aУилсон К.
090 _a32
_bУ36
942 _cSA
040 _aUA-OsUOA
_brus
_cUA-OsUOA
_dUA-OsUOA
245 _aБоливарианская революция по Уго Чавесу
300 _aС.251-265
955 _a0
041 _arus
080 _a32
773 0 _w60225
650 7 _a32 Політика
_2UDC
999 _c346587
_d346587